| 000 | 00811cab a2200253 4500 | ||
|---|---|---|---|
| 001 | ABS57674 | ||
| 008 | 090401t1997 xxu||||| |||| 00| 0 eng d | ||
| 035 | _a(Sirsi) u81145 | ||
| 041 | _aeng | ||
| 245 | _aCountryside sports - their economic and conservation significance | ||
| 260 | _c1997 | ||
| 350 | _a0 | ||
| 490 |
_aRural Property Bulletin _vJuly/August 1997, 23-28(6) |
||
| 520 | _aSummarises the findings of a series of reports published by the Standing Conference on Countryside Sports on the economic and conservation significance of countryside sports. Table. | ||
| 650 | _aANGLING | ||
| 650 | _aCOUNTRYSIDE SPORTS | ||
| 650 | _aECONOMICS | ||
| 650 | _aHUNTING | ||
| 650 | _aRURAL COMMUNITIES | ||
| 650 | _aSHOOTING | ||
| 690 | _aRURAL PRACTICE | ||
| 942 | _n0 | ||
| 948 | _c30/09/1997 | ||
| 999 |
_c51133 _d51133 |
||